Những bài giảng về tác gia văn học trong tiến trình văn học Việt Nam
Zapisane w:
| 1. autor: | |
|---|---|
| Format: | Książka |
| Język: | Undetermined |
| Wydane: |
Hà Nội
Đại học Quốc gia Hà Nội
1999
|
| Hasła przedmiotowe: | |
| Etykiety: |
Dodaj etykietę
Nie ma etykietki, Dołącz pierwszą etykiete!
|
| Thư viện lưu trữ: | Trung tâm Học liệu Trường Đại học Cần Thơ |
|---|
| LEADER | 00693nam a2200193Ia 4500 | ||
|---|---|---|---|
| 001 | CTU_37118 | ||
| 008 | 210402s9999 xx 000 0 und d | ||
| 082 | |a 807 | ||
| 082 | |b M107/T2/1999 | ||
| 100 | |a Nguyễn Đăng Mạnh | ||
| 245 | 0 | |a Những bài giảng về tác gia văn học trong tiến trình văn học Việt Nam | |
| 245 | 0 | |c Nguyễn Đăng Mạnh | |
| 260 | |a Hà Nội | ||
| 260 | |b Đại học Quốc gia Hà Nội | ||
| 260 | |c 1999 | ||
| 526 | |a Văn học Việt Nam hiện đại 2 (1930 - 1945) | ||
| 526 | |b SG215 | ||
| 650 | |a vietnamese literature - study and teaching | ||
| 980 | |a Trung tâm Học liệu Trường Đại học Cần Thơ | ||